000 00439nam a22001697a 4500
003 MPLRDC
005 20220104142928.0
008 210129b ||||| |||| 00| 0 eng d
082 _a120.7 FKL
100 _a方克立主编
245 _a从孔夫子到孙中山: 中国哲学小史
_c
250 _a一版一刷
260 _a
_b中国青年出版社
_c1984
300 _b
650 _a中国哲学总论
942 _cBK
_o120.7 FKL
999 _c34988
_d34978